Precalculus: functions and graphs. / (Record no. 7342)

MARC details
000 -LEADER
fixed length control field 01445cam a2200301 a 4500
001 - CONTROL NUMBER
control field 12363883
005 - DATE AND TIME OF LATEST TRANSACTION
control field 20210414114657.0
008 - FIXED-LENGTH DATA ELEMENTS--GENERAL INFORMATION
fixed length control field 010329s2001 maua 001 0 eng
010 ## - LIBRARY OF CONGRESS CONTROL NUMBER
LC control number 00694567
020 ## - INTERNATIONAL STANDARD BOOK NUMBER
International Standard Book Number 09780321501110
020 ## - INTERNATIONAL STANDARD BOOK NUMBER
International Standard Book Number 032150111X
040 ## - CATALOGING SOURCE
Original cataloging agency DLC
Transcribing agency DLC
Modifying agency DLC
050 00 - LIBRARY OF CONGRESS CALL NUMBER
Classification number QA331.3.D84
082 00 - DEWEY DECIMAL CLASSIFICATION NUMBER
Classification number 512/.1
Edition number 21
100 1# - MAIN ENTRY--PERSONAL NAME
Personal name Dugopolski, Mark
245 10 - TITLE STATEMENT
Title Precalculus: functions and graphs. /
Remainder of title Mark, Dugopolski
250 ## - EDITION STATEMENT
Edition statement 3rd ed.
260 ## - PUBLICATION, DISTRIBUTION, ETC.
Place of publication, distribution, etc. Boston :
Name of publisher, distributor, etc. Pearson/Addison Wesley,
Date of publication, distribution, etc. 2009.
300 ## - PHYSICAL DESCRIPTION
Extent xxviii, 844 + various pagings :
Other physical details ill. ;
Dimensions 27 cm.
500 ## - GENERAL NOTE
General note Includes indexes.
505 ## - FORMATTED CONTENTS NOTE
Formatted contents note Contents: Equations, inequalities, and modeling -- Functions and graphs -- Polynomial and rational functions-- Exponential and logarithmic functions -- Trigonometric functions -- Trigonometric identities and conditional equations -- Applications of trigonometry -- Systems of equations and inequalities -- Matrices and determinants -- The conic sections -- Sequences, series and probability -- Appendix A: Basic algebraic review.
650 #0 - SUBJECT ADDED ENTRY--TOPICAL TERM
Topical term or geographic name entry element Functions.
650 #0 - SUBJECT ADDED ENTRY--TOPICAL TERM
Topical term or geographic name entry element Algebra
General subdivision Graphic methods.
650 #0 - SUBJECT ADDED ENTRY--TOPICAL TERM
Topical term or geographic name entry element Trigonometry.
906 ## - LOCAL DATA ELEMENT F, LDF (RLIN)
a 7
b cbc
c orignew
d 1
e ocip
f 20
g y-gencatlg
942 ## - ADDED ENTRY ELEMENTS (KOHA)
Source of classification or shelving scheme Library of Congress Classification
Koha item type Books
Holdings
Withdrawn status Lost status Source of classification or shelving scheme Damaged status Not for loan Home library Current library Date acquired Source of acquisition Full call number Barcode Date last seen Price effective from Koha item type
    Library of Congress Classification     WISCONSIN INTERNATIONAL UNIVERSITY COLLEGE, GHANA KUMASI LIBRARY WISCONSIN INTERNATIONAL UNIVERSITY COLLEGE, GHANA KUMASI LIBRARY 19/11/2019 STM QA331.3.D84(3e) K/2606/2606/19 10/06/2020 10/06/2020 Books

If you have any concerns or questions; kindly contact the library


© Powered by WIUC ICT DIRECTORATE